History - World History | 0 | 6 | 1 | 1 | 55 | 40 | 84.67 | 1 | 4 |
History - Other History | 0 | 5 | 0 | 0 | 50 | 80 | 96.80 | 0 | 2 |
Philosophy | 0 | 4 | 0 | 0 | 40 | 101 | 113.50 | 0 | 1 |
Science - Biology | 0 | 4 | 1 | 0 | 35 | 57 | 92.75 | 1 | 4 |
History - European History | 0 | 4 | 1 | 0 | 35 | 49 | 73.25 | 0 | 0 |
Religion | 0 | 2 | 0 | 0 | 20 | 76 | 94.50 | 0 | 1 |
Literature - American Literature | 0 | 2 | 0 | 1 | 20 | 138 | 139.50 | 0 | 0 |
Literature - European Literature | 0 | 2 | 0 | 0 | 20 | 108 | 113.00 | 0 | 0 |
Science - Other Science | 0 | 1 | 0 | 0 | 10 | 89 | 89.00 | 0 | 0 |
Fine Arts - Other Fine Arts | 0 | 1 | 0 | 0 | 10 | 89 | 89.00 | 0 | 0 |
Literature - British Literature | 0 | 1 | 0 | 1 | 10 | 136 | 136.00 | 0 | 0 |
Literature - World Literature | 0 | 1 | 0 | 0 | 10 | 105 | 105.00 | 0 | 0 |
Mythology | 0 | 1 | 1 | 0 | 5 | 109 | 109.00 | 0 | 0 |
Fine Arts - Classical Music | 0 | 0 | 0 | 0 | 0 | | 0.00 | 0 | 0 |